| 000 | 00477nam a22001457a 4500 | ||
|---|---|---|---|
| 027 | _qHard Cover. | ||
| 040 | _cSINES-NUST. | ||
| 082 |
_a004 _bHAM |
||
| 100 |
_aHafiz Azeem Hamza. _9106794 |
||
| 245 |
_aComputational Study of Heat Exchange System Performance Enhancement using Nanofluids / _b _cHamza, Hafiz Azeem |
||
| 260 |
_aIslamabad: _bSINES-NUST, _c2023. |
||
| 300 |
_a62 p. : _bill. ; _c35cm. |
||
| 650 | _xMS-Computational Science and Engineering. | ||
| 942 |
_2ddc _cTHE |
||
| 999 |
_c592917 _d592917 |
||